| 000 | 01029nam a2200265 i 4500 | ||
|---|---|---|---|
| 001 | 15091 | ||
| 003 | ES-MaACL | ||
| 005 | 20230906151001.0 | ||
| 007 | t| | ||
| 008 | 991220s1999 sp ||||1| spa d | ||
| 020 | _a84-87136-97-4 | ||
| 080 | _a347.67(460.288)"15/16" | ||
| 080 | _a946.028.8"15/16"(093) | ||
| 100 | 1 |
_aGarcía Moratalla, Pedro Joaquín. _954992 |
|
| 245 | 1 | 4 |
_aLos testamentos en Albacete a finales del siglo XVI (1588-1600) _b: modelo informativo de las fuentes notariales / _cPedro Joaquín García Moratalla. |
| 260 |
_aAlbacete : _bInstituto de Estudios Albacetenses "Don Juan Manuel", _c1999. |
||
| 300 |
_a208 p. ; _c22 cm. |
||
| 490 | 1 |
_aSerie 0--Corpus, documenta y bibliografía ; _v10 |
|
| 650 | 1 | 4 |
_aTestamentos- _zAlbacete- _yS.XVI-XVII. _917522 |
| 651 | 4 |
_aAlbacete- _xHistoria- _vFuentes. _97625 |
|
| 710 | 2 |
_aInstituto de Estudios Albacetenses. _94884 |
|
| 830 | 0 |
_aSerie 0--Corpus, documenta y bibliografía ; _v10 _9179464 |
|
| 852 |
_aES-MaACL _jL-22341 _bR.127679 |
||
| 999 |
_c15091 _d15091 |
||